000
00269nam a2200109Ia 4500
008
220204s9999 xx 000 0 und d
082
_a
331.5
_b
GAR
100
_a
GARRATY, John A
245
0
_a
Unemployment in history
260
_a
London
_b
Harper & Row
_c
1978
942
_c
BK
999
_c
34800
_d
34800